<?xml version="1.0" encoding="UTF-8"?>
<record
    xmlns:xsi="http://www.w3.org/2001/XMLSchema-instance"
    xsi:schemaLocation="http://www.loc.gov/MARC21/slim http://www.loc.gov/standards/marcxml/schema/MARC21slim.xsd"
    xmlns="http://www.loc.gov/MARC21/slim">

  <leader>01885nam a22002657a 4500</leader>
  <controlfield tag="003">NALT</controlfield>
  <controlfield tag="005">20220120141929.0</controlfield>
  <controlfield tag="008">      s2550    th           o      tha d</controlfield>
  <datafield tag="040" ind1=" " ind2=" ">
    <subfield code="a">NALT</subfield>
  </datafield>
  <datafield tag="041" ind1=" " ind2=" ">
    <subfield code="a">tha</subfield>
  </datafield>
  <datafield tag="086" ind1=" " ind2=" ">
    <subfield code="a">&#xE19;&#xE23; 07 3.5 352.4 2551 </subfield>
  </datafield>
  <datafield tag="110" ind1="2" ind2=" ">
    <subfield code="a">&#xE2A;&#xE33;&#xE19;&#xE31;&#xE01;&#xE19;&#xE32;&#xE22;&#xE01;&#xE23;&#xE31;&#xE10;&#xE21;&#xE19;&#xE15;&#xE23;&#xE35;.</subfield>
    <subfield code="9">619</subfield>
    <subfield code="b">&#xE2A;&#xE33;&#xE19;&#xE31;&#xE01;&#xE07;&#xE1A;&#xE1B;&#xE23;&#xE30;&#xE21;&#xE32;&#xE13;</subfield>
  </datafield>
  <datafield tag="245" ind1="1" ind2="0">
    <subfield code="a">&#xE40;&#xE2D;&#xE01;&#xE2A;&#xE32;&#xE23;&#xE07;&#xE1A;&#xE1B;&#xE23;&#xE30;&#xE21;&#xE32;&#xE13; &#xE09;&#xE1A;&#xE31;&#xE1A;&#xE17;&#xE35;&#xE48; 3 &#xE07;&#xE1A;&#xE1B;&#xE23;&#xE30;&#xE21;&#xE32;&#xE13;&#xE23;&#xE32;&#xE22;&#xE08;&#xE48;&#xE32;&#xE22;&#xE1B;&#xE23;&#xE30;&#xE08;&#xE33;&#xE1B;&#xE35;&#xE07;&#xE1A;&#xE1B;&#xE23;&#xE30;&#xE21;&#xE32;&#xE13; &#xE1E;.&#xE28;. 2551 &#xE40;&#xE25;&#xE48;&#xE21;&#xE17;&#xE35;&#xE48; 2 &#xE01;&#xE23;&#xE30;&#xE17;&#xE23;&#xE27;&#xE07;&#xE01;&#xE32;&#xE23;&#xE04;&#xE25;&#xE31;&#xE07; &#xE01;&#xE23;&#xE30;&#xE17;&#xE23;&#xE27;&#xE07;&#xE01;&#xE32;&#xE23;&#xE15;&#xE48;&#xE32;&#xE07;&#xE1B;&#xE23;&#xE30;&#xE40;&#xE17;&#xE28; &#xE01;&#xE23;&#xE30;&#xE17;&#xE23;&#xE27;&#xE07;&#xE01;&#xE32;&#xE23;&#xE17;&#xE48;&#xE2D;&#xE07;&#xE40;&#xE17;&#xE35;&#xE48;&#xE22;&#xE27;&#xE41;&#xE25;&#xE30;&#xE01;&#xE35;&#xE2C;&#xE32; &#xE01;&#xE23;&#xE30;&#xE17;&#xE23;&#xE27;&#xE07;&#xE01;&#xE32;&#xE23;&#xE1E;&#xE31;&#xE12;&#xE19;&#xE32;&#xE2A;&#xE31;&#xE07;&#xE04;&#xE21;&#xE41;&#xE25;&#xE30;&#xE04;&#xE27;&#xE32;&#xE21;&#xE21;&#xE31;&#xE48;&#xE19;&#xE04;&#xE07;&#xE02;&#xE2D;&#xE07;&#xE21;&#xE19;&#xE38;&#xE29;&#xE22;&#xE4C; /</subfield>
    <subfield code="c">&#xE2A;&#xE33;&#xE19;&#xE31;&#xE01;&#xE07;&#xE1A;&#xE1B;&#xE23;&#xE30;&#xE21;&#xE32;&#xE13;.</subfield>
  </datafield>
  <datafield tag="260" ind1=" " ind2=" ">
    <subfield code="a">&#xE01;&#xE23;&#xE38;&#xE07;&#xE40;&#xE17;&#xE1E;&#xE2F; : </subfield>
    <subfield code="b">&#xE2A;&#xE33;&#xE19;&#xE31;&#xE01;&#xE07;&#xE1A;&#xE1B;&#xE23;&#xE30;&#xE21;&#xE32;&#xE13;, </subfield>
    <subfield code="c">2550.</subfield>
  </datafield>
  <datafield tag="300" ind1=" " ind2=" ">
    <subfield code="a">412 &#xE2B;&#xE19;&#xE49;&#xE32; :</subfield>
    <subfield code="b">&#xE15;&#xE32;&#xE23;&#xE32;&#xE07; ;</subfield>
    <subfield code="c">26 &#xE0B;&#xE21;.</subfield>
  </datafield>
  <datafield tag="610" ind1="2" ind2="4">
    <subfield code="a">&#xE01;&#xE23;&#xE30;&#xE17;&#xE23;&#xE27;&#xE07;&#xE01;&#xE32;&#xE23;&#xE1E;&#xE31;&#xE12;&#xE19;&#xE32;&#xE2A;&#xE31;&#xE07;&#xE04;&#xE21;&#xE41;&#xE25;&#xE30;&#xE04;&#xE27;&#xE32;&#xE21;&#xE21;&#xE31;&#xE48;&#xE19;&#xE04;&#xE07;&#xE02;&#xE2D;&#xE07;&#xE21;&#xE19;&#xE38;&#xE29;&#xE22;&#xE4C;</subfield>
    <subfield code="9">52022</subfield>
    <subfield code="x">&#xE07;&#xE1A;&#xE1B;&#xE23;&#xE30;&#xE21;&#xE32;&#xE13;</subfield>
    <subfield code="y">2551</subfield>
  </datafield>
  <datafield tag="610" ind1="2" ind2="4">
    <subfield code="a">&#xE01;&#xE23;&#xE30;&#xE17;&#xE23;&#xE27;&#xE07;&#xE01;&#xE32;&#xE23;&#xE17;&#xE48;&#xE2D;&#xE07;&#xE40;&#xE17;&#xE35;&#xE48;&#xE22;&#xE27;&#xE41;&#xE25;&#xE30;&#xE01;&#xE35;&#xE2C;&#xE32; </subfield>
    <subfield code="9">52023</subfield>
    <subfield code="x">&#xE07;&#xE1A;&#xE1B;&#xE23;&#xE30;&#xE21;&#xE32;&#xE13;</subfield>
    <subfield code="y">2551</subfield>
  </datafield>
  <datafield tag="610" ind1="2" ind2="4">
    <subfield code="a">&#xE01;&#xE23;&#xE30;&#xE17;&#xE23;&#xE27;&#xE07;&#xE01;&#xE32;&#xE23;&#xE15;&#xE48;&#xE32;&#xE07;&#xE1B;&#xE23;&#xE30;&#xE40;&#xE17;&#xE28;</subfield>
    <subfield code="9">52024</subfield>
    <subfield code="x">&#xE07;&#xE1A;&#xE1B;&#xE23;&#xE30;&#xE21;&#xE32;&#xE13;</subfield>
    <subfield code="y">2551</subfield>
  </datafield>
  <datafield tag="610" ind1="2" ind2="4">
    <subfield code="a">&#xE01;&#xE23;&#xE30;&#xE17;&#xE23;&#xE27;&#xE07;&#xE01;&#xE32;&#xE23;&#xE04;&#xE25;&#xE31;&#xE07; </subfield>
    <subfield code="9">52026</subfield>
    <subfield code="x">&#xE07;&#xE1A;&#xE1B;&#xE23;&#xE30;&#xE21;&#xE32;&#xE13;</subfield>
    <subfield code="y">2551</subfield>
  </datafield>
  <datafield tag="650" ind1=" " ind2="0">
    <subfield code="a">&#xE07;&#xE1A;&#xE1B;&#xE23;&#xE30;&#xE21;&#xE32;&#xE13;</subfield>
    <subfield code="z">&#xE44;&#xE17;&#xE22;</subfield>
    <subfield code="y">2551</subfield>
    <subfield code="9">45162</subfield>
  </datafield>
  <datafield tag="650" ind1=" " ind2="0">
    <subfield code="a">&#xE07;&#xE1A;&#xE1B;&#xE23;&#xE30;&#xE21;&#xE32;&#xE13;&#xE23;&#xE32;&#xE22;&#xE08;&#xE48;&#xE32;&#xE22;</subfield>
    <subfield code="y">2551</subfield>
    <subfield code="9">51892</subfield>
  </datafield>
  <datafield tag="850" ind1=" " ind2=" ">
    <subfield code="a">NALT</subfield>
  </datafield>
  <datafield tag="942" ind1=" " ind2=" ">
    <subfield code="c">GOV</subfield>
    <subfield code="2">local</subfield>
  </datafield>
  <datafield tag="998" ind1=" " ind2=" ">
    <subfield code="c">DAO</subfield>
    <subfield code="j">1020</subfield>
    <subfield code="k"> &#xE08;&#xE33;&#xE40;&#xE23;&#xE35;&#xE22;&#xE07; &#xE23;&#xE30;&#xE27;&#xE31;&#xE07;&#xE2A;&#xE33;&#xE42;&#xE23;&#xE07;</subfield>
  </datafield>
  <datafield tag="999" ind1=" " ind2=" ">
    <subfield code="c">51221</subfield>
    <subfield code="d">51221</subfield>
  </datafield>
  <datafield tag="952" ind1=" " ind2=" ">
    <subfield code="0">0</subfield>
    <subfield code="1">0</subfield>
    <subfield code="2">local</subfield>
    <subfield code="4">0</subfield>
    <subfield code="7">0</subfield>
    <subfield code="8">CGOV</subfield>
    <subfield code="a">NALT</subfield>
    <subfield code="b">NALT</subfield>
    <subfield code="d">2021-05-05</subfield>
    <subfield code="o">&#xE19;&#xE23; 07 3.5 352.4 2551 </subfield>
    <subfield code="p">3961165025</subfield>
    <subfield code="r">2017-06-09 00:00:00</subfield>
    <subfield code="t">&#xE09;.3/2</subfield>
    <subfield code="w">2017-06-09</subfield>
    <subfield code="y">GOV</subfield>
  </datafield>
</record>
